000 00731nam a2200217Ii 4500
003 JO-AjNU
008 230605s9999||||xx |||||||||||||| ||und||
017 _a1998/8093
020 _a977-01-5724-4
040 _aJO-AjNU
_bara
_erda
_cJO-AjNU
041 _aara
050 1 4 _aDP101.M3 1998
100 3 _aتاليف المقرى، أحمد؛ تحقيق وشرح نجاتي، احمد,
_eauthor
_934530
245 0 0 _aالمختار في نفح الطيب
264 3 1 _aالقاهرة: الهيئة المصرية العامة للكتاب،1998
300 _a98ص
336 _atext
_btxt
_2rdacontent
337 _aunmediated
_bn
_2rdamedia
338 _avolume
_bnc
_2rdacarrier
650 4 _aالاندلس-تاريخ
_934531
999 _aA14168
_c17736
_d17736